[Event "Moscow Open 2009 B"]
[Site "www.moscowchessopen.ru"]
[Date "2009.02.08"]
[Round "9.90"]
[White "Kulagin, Maxim"]
[Black "Zhdanov, Vladimir"]
[Result "1-0"]
[WhiteElo "2186"]
[BlackElo "2025"]
[Annotator ""]
[Source ""]
[Remark ""]

1.e4 Nf6 2.e5 Ng8 3.d4 d6 4.f4 dxe5 5.fxe5 Nc6 6.Nf3 Bg4 7.c3
e6 8.Bd3 Nge7 9.O-O Nd5 10.h3 Bh5 11.g4 Bg6 12.Ng5 f6 13.Nxe6
Qd7 14.exf6 gxf6 15.Bf5 Bxf5 16.gxf5 h5 17.Qf3 Kf7 18.Nd2 Be7
19.Ne4 Rag8+ 20.Kh1 h4 21.Bd2 Nd8 22.Rg1 Nxe6 23.fxe6+ Kxe6 24.Ng5+
fxg5 25.Rge1+ Kd6 26.c4 c6 27.cxd5 Kc7 28.dxc6 bxc6 29.Rac1 Rg6
30.Re3 Rf6 31.Qe4 Bd8 32.d5 Rhf8 33.Ba5+ Kb8 34.dxc6 Rf1+ 35.Rxf1
Rxf1+ 36.Kg2 Qf7 37.c7+ Bxc7 38.Bxc7+ Kc8 39.Qe8+ 1-0

[Event "Moscow Open 2009 B"]
[Site "www.moscowchessopen.ru"]
[Date "2009.02.08"]
[Round "9.91"]
[White "Natacheev, Peter"]
[Black "Tolmachev, Aleksander"]
[Result "1/2-1/2"]
[WhiteElo "2179"]
[BlackElo "2002"]
[Annotator ""]
[Source ""]
[Remark ""]

1.e4 Nf6 2.d3 d5 3.e5 Nfd7 4.f4 e6 5.Nf3 c5 6.Be2 Nc6 7.O-O Be7
8.c3 O-O 9.Be3 f6 10.exf6 Bxf6 11.d4 b6 12.Na3 a6 13.Nc2 Qc7
14.Qd2 Na5 15.b3 Nb7 16.Bd3 Nd6 17.Ne5 c4 18.bxc4 dxc4 19.Be2
Bb7 20.Bg4 Rae8 21.Qe2 b5 22.Ne1 Nb6 23.Bd2 Be4 24.N1f3 Bf5 25.Ng5
Nd5 26.Bxf5 exf5 27.Qf3 Qb7 28.Be1 h6 29.Nh3 Ne4 30.Nf2 Bxe5
31.fxe5 Qf7 32.g4 Ng5 33.Qe2 f4 34.Ne4 Qg6 35.Nxg5 Qxg5 36.a4 1/2-1/2

[Event "Moscow Open 2009 B"]
[Site "www.moscowchessopen.ru"]
[Date "2009.02.08"]
[Round "9.92"]
[White "Cherny, Oleg"]
[Black "Shapfiullin, Ildar"]
[Result "0-1"]
[WhiteElo "2043"]
[BlackElo "2175"]
[Annotator ""]
[Source ""]
[Remark ""]

1.e4 Nf6 2.e5 Nd5 3.d4 d6 4.Nf3 Bg4 5.Be2 e6 6.h3 Bh5 7.O-O Be7
8.c4 Nb6 9.Qb3 O-O 10.Rd1 dxe5 11.c5 e4 12.cxb6 axb6 13.g4 exf3
14.Qxf3 Bg6 15.Qxb7 Ra5 16.Nc3 Qd7 17.Bf3 f5 18.d5 e5 19.d6 cxd6
20.Qxd7 Nxd7 21.b4 Ra6 22.Nd5 Bh4 23.Nc7 Ra7 24.Nb5 Ra4 25.Bd5+
Kh8 26.Be6 fxg4 27.Bxd7 Bxf2+ 28.Kf1 Bd4+ 0-1

[Event "Moscow Open 2009 B"]
[Site "www.moscowchessopen.ru"]
[Date "2009.02.08"]
[Round "9.93"]
[White "Asefi, Zaheeruddeen"]
[Black "Gusev, Denis"]
[Result "0-1"]
[WhiteElo "2172"]
[BlackElo "1400"]
[Annotator ""]
[Source ""]
[Remark ""]

1.d4 c5 2.d5 e5 3.dxe6 fxe6 4.e4 d5 5.e5 Nc6 6.Nf3 Qc7 7.Bf4
Nge7 8.Bg3 g6 9.a4 a6 10.c4 Bg7 11.Qe2 O-O 12.Ra3 Bd7 13.Nbd2
Qa5 14.Qd1 Nf5 15.Bf4 Nfd4 16.Bg3 Nxf3+ 17.gxf3 Nxe5 18.Ke2 Bc6
19.Bh3 Rae8 20.Re1 Nxc4 21.Nxc4 dxc4 22.Qd6 Bd5 23.Kf1 Qd8 24.Bxe6+
Bxe6 25.Qxd8 Bh3+ 0-1

[Event "Moscow Open 2009 B"]
[Site "www.moscowchessopen.ru"]
[Date "2009.02.08"]
[Round "9.94"]
[White "Subbotsky, Mikhail"]
[Black "Minasyan, Arnold"]
[Result "0-1"]
[WhiteElo "1974"]
[BlackElo "2171"]
[Annotator ""]
[Source ""]
[Remark ""]

1.d4 Nf6 2.c4 g6 3.Nc3 Bg7 4.e4 d6 5.Be2 O-O 6.Nf3 e5 7.O-O Nc6
8.dxe5 Nxe5 9.Bg5 c6 10.Qd2 Be6 11.c5 h6 12.Bxf6 Nxf3+ 13.Bxf3
Bxf6 14.cxd6 Be5 15.Rad1 Qf6 16.Qe3 Rfd8 17.Rfe1 g5 18.h3 Rd7
19.Qc5 Rad8 20.Qxa7 Bxh3 21.Qe3 Be6 22.a3 Rxd6 23.Rxd6 Rxd6 24.Rd1
Rd4 25.b4 g4 26.Be2 g3 27.Rxd4 gxf2+ 28.Kf1 Bxd4 29.Qg3+ Qg5
30.Qxg5+ hxg5 31.Nd1 b5 32.Nxf2 Bb2 33.Nd3 Bc3 34.Kf2 Bc4 35.Ke3
f6 36.Bg4 Kf7 37.Bd7 Ke7 38.Bxc6 Kd6 39.Be8 Ke7 40.Bh5 0-1

[Event "Moscow Open 2009 B"]
[Site "www.moscowchessopen.ru"]
[Date "2009.02.08"]
[Round "9.95"]
[White "Ramazashvili, Rainer"]
[Black "Novikov, Valeri"]
[Result "0-1"]
[WhiteElo "1841"]
[BlackElo "2169"]
[Annotator ""]
[Source ""]
[Remark ""]

1.e4 e5 2.Nf3 Nc6 3.Nc3 Nf6 4.d4 exd4 5.Nd5 Be7 6.Bf4 d6 7.Nxd4
O-O 8.Nb5 Nxd5 9.exd5 Ne5 10.Be2 Bf6 11.c3 Bd7 12.O-O Re8 13.Nd4
Ng6 14.Be3 Bg5 15.Nc2 Bxe3 16.Nxe3 Qg5 17.Bg4 f5 18.Bf3 Ne5 19.g3
f4 20.Ng2 Rf8 21.h4 Qg6 22.Bh5 Qh6 23.gxf4 Rxf4 24.Nxf4 Qxf4
25.Qd4 Qh6 26.f4 Qxh5 27.fxe5 Qg6+ 28.Kh2 dxe5 29.Qf2 Bg4 30.Rae1
Re8 31.Rxe5 h5 32.Rxe8+ Qxe8 33.Re1 Qd7 34.c4 Qd6+ 35.Qg3 Qf6
36.Qe3 Qxh4+ 37.Kg1 Qf6 38.Qf2 Qg6 39.Kh2 Qd6+ 40.Kh1 Qg6 41.Re7
Bf5 42.Re3 c6 43.dxc6 Be4+ 44.Kh2 Bxc6 45.Qd2 Qf6 46.Kg1 Qg5+
47.Kf1 Qf4+ 48.Ke1 Qxc4 49.Qd8+ Kh7 50.Qd3+ Qxd3 51.Rxd3 0-1

[Event "Moscow Open 2009 B"]
[Site "www.moscowchessopen.ru"]
[Date "2009.02.08"]
[Round "9.96"]
[White "Pugachevsky, Valerij"]
[Black "Mukhin, Viktor"]
[Result "1-0"]
[WhiteElo "1400"]
[BlackElo "2164"]
[Annotator ""]
[Source ""]
[Remark ""]

1.d4 Nf6 2.c4 e6 3.Nc3 Bb4 4.e3 c5 5.Nf3 Nc6 6.Bd3 d6 7.O-O Bxc3
8.bxc3 e5 9.d5 Ne7 10.e4 Ng6 11.Ne1 O-O 12.g3 Ne8 13.Qc2 Bh3
14.Ng2 Qd7 15.a4 f5 16.exf5 Bxf5 17.f4 Bxd3 18.Qxd3 exf4 19.Bxf4
Nf6 20.a5 Qh3 21.Ne3 Nxf4 22.Rxf4 g6 23.Raf1 Nd7 1-0

[Event "Moscow Open 2009 B"]
[Site "www.moscowchessopen.ru"]
[Date "2009.02.08"]
[Round "9.97"]
[White "Murzin, Sergey"]
[Black "Pshekhotskiy, Alexander"]
[Result "1-0"]
[WhiteElo "2160"]
[BlackElo "1400"]
[Annotator ""]
[Source ""]
[Remark ""]

1.c4 Nf6 2.Nc3 g6 3.g3 Bg7 4.Bg2 d6 5.e4 e5 6.Nge2 Be6 7.d3 Nc6
8.Nd5 O-O 9.O-O Nd7 10.Rb1 Ne7 11.Be3 c6 12.Nxe7+ Qxe7 13.h3
f5 14.b3 Nf6 15.f4 Qd7 16.Kh2 b6 17.Qd2 Rad8 18.Rbd1 c5 19.Rf2
b5 20.cxb5 Qxb5 21.fxe5 dxe5 22.Qc2 fxe4 23.dxe4 Rxd1 24.Qxd1
Qd7 25.Qc2 Rc8 26.Nc3 Qc6 27.Rd2 a5 28.Nd5 Bxd5 29.exd5 Qd6 30.Qc4
Bf8 31.Rc2 Be7 1-0

[Event "Moscow Open 2009 B"]
[Site "www.moscowchessopen.ru"]
[Date "2009.02.08"]
[Round "9.98"]
[White "Goroshilov, Vladislav"]
[Black "Rozhkovan, Vadim"]
[Result "1-0"]
[WhiteElo "2147"]
[BlackElo "1400"]
[Annotator ""]
[Source ""]
[Remark ""]

1.d4 d5 2.c4 c6 3.Nf3 e6 4.Qc2 f5 5.g3 Nf6 6.Bg2 Be7 7.O-O O-O
8.b3 Ne4 9.Ba3 Bxa3 10.Nxa3 Nd7 11.e3 g5 12.Nd2 Nxd2 13.Qxd2
g4 14.Nc2 Nf6 15.Ne1 Bd7 16.Nd3 Be8 17.Rac1 Bg6 18.Qb4 Rf7 19.Nf4
Qe7 20.Qa5 Qd6 21.h3 Re7 22.h4 Bf7 23.Nd3 Qc7 24.Qa3 Ree8 25.Ne5
Qe7 26.Qb2 Nd7 27.Nxd7 Qxd7 28.cxd5 exd5 29.b4 a6 30.Rfe1 Kg7
31.Bf1 Ra7 32.a4 1-0

[Event "Moscow Open 2009 B"]
[Site "www.moscowchessopen.ru"]
[Date "2009.02.08"]
[Round "9.99"]
[White "Kovtunenko, Alexandr"]
[Black "Kuritsin, Vasily M"]
[Result "0-1"]
[WhiteElo "2294"]
[BlackElo "2058"]
[Annotator ""]
[Source ""]
[Remark ""]

1.e4 e5 2.Nf3 Nc6 3.Bb5 a6 4.Bxc6 dxc6 5.O-O Bg4 6.h3 h5 7.d3
Bd6 8.Be3 c5 9.Nbd2 Be6 10.Ng5 Bd7 11.Nc4 f6 12.Nxd6+ cxd6 13.Nf3
g5 14.Nd2 Ne7 15.c3 Ng6 16.d4 cxd4 17.cxd4 g4 18.dxe5 Bb5 19.hxg4
hxg4 20.Qxg4 Nxe5 21.Qg7 Nf7 22.Rfc1 Qe7 23.Bd4 Kd7 24.Qxf6 Qxf6
25.Bxf6 Rh6 26.Bd4 Rg8 27.Nc4 Ng5 28.Nd2 Nh3+ 29.Kh2 Nf4+ 30.Kg1
Rxg2# 0-1

[Event "Moscow Open 2009 B"]
[Site "www.moscowchessopen.ru"]
[Date "2009.02.08"]
[Round "9.100"]
[White "Kuznetsov, Kirill"]
[Black "Baskakov, Nikolay"]
[Result "0-1"]
[WhiteElo "2245"]
[BlackElo "2055"]
[Annotator ""]
[Source ""]
[Remark ""]

1.e4 c5 2.c3 Nc6 3.d4 cxd4 4.cxd4 e6 5.d5 Nce7 6.d6 Nc6 7.Nc3
a6 8.Nf3 g6 9.Bg5 Qa5 10.Qd2 Bg7 11.Be2 Nf6 12.O-O O-O 13.a3
b5 14.Qf4 Nh5 15.Qh4 b4 16.Nd1 h6 17.Bd2 Bb7 18.Rc1 Qb6 19.g4
Nf6 20.e5 g5 21.Qh3 Nxe5 22.Nxe5 Qxd6 23.Bxb4 Qxe5 24.Bxf8 Rxf8
25.Nc3 Ne4 26.Bf3 f5 27.Bg2 fxg4 28.Qxg4 Rf4 29.Qe2 d5 30.Nxe4
dxe4 31.Rc3 Qf5 32.Rb3 Bd5 33.Rg3 Rh4 34.Qe3 Be5 35.Rh3 Rg4 36.Rxh6
Kg7 37.Rh3 Kg6 38.Qa7 Rxg2+ 39.Kxg2 0-1

[Event "Moscow Open 2009 B"]
[Site "www.moscowchessopen.ru"]
[Date "2009.02.08"]
[Round "9.101"]
[White "Bujakevich, Aleksandr"]
[Black "Firstov, Pavel"]
[Result "1-0"]
[WhiteElo "2213"]
[BlackElo "2043"]
[Annotator ""]
[Source ""]
[Remark ""]

1.e4 c5 2.c3 d5 3.exd5 Qxd5 4.d4 Nf6 5.Nf3 Nc6 6.Na3 cxd4 7.Nb5
Qd8 8.Bf4 Nd5 9.Bg3 a6 10.Nbxd4 Bg4 11.Nxc6 bxc6 12.Qa4 Bd7 13.Ne5
e6 14.Be2 Be7 15.O-O Ra7 16.Rad1 Nb6 17.Qg4 Qc8 18.Qxg7 1-0

[Event "Moscow Open 2009 B"]
[Site "www.moscowchessopen.ru"]
[Date "2009.02.08"]
[Round "9.102"]
[White "Davydenko, Andrey"]
[Black "Subbotin, Andrey"]
[Result "1-0"]
[WhiteElo "2212"]
[BlackElo "2043"]
[Annotator ""]
[Source ""]
[Remark ""]

1.e4 g6 2.d4 Bg7 3.Nc3 c5 4.Nf3 cxd4 5.Nxd4 Nc6 6.Be3 Nf6 7.Bc4
O-O 8.Bb3 d6 9.f3 Na5 10.Qd2 Nxb3 11.cxb3 d5 12.e5 Ne8 13.Bh6
Bxe5 14.Bxf8 Kxf8 15.f4 Bg7 16.Nf3 Nc7 17.O-O e6 18.Ne2 Kg8 19.Rac1
Bd7 20.Rfd1 Nb5 21.Ned4 Be8 22.Qe3 Nd6 23.Rc2 Nf5 24.Qf2 f6 1-0

[Event "Moscow Open 2009 B"]
[Site "www.moscowchessopen.ru"]
[Date "2009.02.08"]
[Round "9.103"]
[White "Matsokina, Evgenia"]
[Black "Pluzhnik, Mikhail"]
[Result "0-1"]
[WhiteElo "2036"]
[BlackElo "2177"]
[Annotator ""]
[Source ""]
[Remark ""]

1.Nf3 Nf6 2.e3 g6 3.c4 Bg7 4.Be2 O-O 5.O-O d6 6.Nc3 e5 7.d3 Nc6
8.a3 Bf5 9.Qc2 Re8 10.e4 Bg4 11.Be3 Nh5 12.h3 Be6 13.Nd5 Ne7
14.Ng5 Bxd5 15.cxd5 Nf4 16.Nf3 c6 17.dxc6 Nxc6 18.Rad1 Rc8 19.Qd2
Nxe2+ 20.Qxe2 d5 21.exd5 Qxd5 22.Qd2 Red8 23.Bh6 Nd4 24.Nxd4
Qxd4 25.Bxg7 Kxg7 26.Rfe1 Rc5 27.Re4 Qd6 28.Rh4 h5 29.b4 Rd5
30.Qe3 a6 31.Qg3 Kh7 32.Rc4 b5 33.Rc3 Kg7 34.Rdc1 Qf6 35.Qe3
Rd4 36.Rc6 Qf5 37.Rxa6 Rxd3 38.Qe1 R8d4 39.Ra5 e4 40.a4 Qd7 41.Qe2
Qd6 42.Qb2 Kh6 43.Kf1 Rd1+ 0-1

[Event "Moscow Open 2009 B"]
[Site "www.moscowchessopen.ru"]
[Date "2009.02.08"]
[Round "9.104"]
[White "Bobrov, Yury"]
[Black "Malov, Lev"]
[Result "1-0"]
[WhiteElo "2169"]
[BlackElo "2036"]
[Annotator ""]
[Source ""]
[Remark ""]

1.e4 Nc6 2.Nc3 e6 3.d4 Bb4 4.a3 Bxc3+ 5.bxc3 d6 6.Bd3 Nge7 7.Nf3
O-O 8.h4 f5 9.a4 b6 10.Qe2 d5 11.e5 Na5 12.Ba3 Nb7 13.Ng5 c5
14.Ba6 Qd7 15.Qh5 h6 16.Kd2 Na5 17.Bb5 Nc4+ 18.Kc1 Qc7 19.Be8
Nxa3 20.Rxa3 cxd4 21.cxd4 Bd7 22.Bf7+ Kh8 23.Bxe6 Be8 24.Bf7
Rc8 25.c3 Bxf7 26.Nxf7+ Kg8 27.Nd6 1-0

[Event "Moscow Open 2009 B"]
[Site "www.moscowchessopen.ru"]
[Date "2009.02.08"]
[Round "9.105"]
[White "Drogilov, Alexander"]
[Black "Gainullin, Yakov"]
[Result "0-1"]
[WhiteElo "2166"]
[BlackElo "2034"]
[Annotator ""]
[Source ""]
[Remark ""]

1.c4 c5 2.Nf3 Nf6 3.d4 cxd4 4.Nxd4 d6 5.Nc3 a6 6.g3 g6 7.Nb3
Qc7 8.Bg5 Nbd7 9.Qd4 Bg7 10.Nd5 Qd8 11.Bg2 O-O 12.Nxf6+ Nxf6
13.Qh4 h5 14.O-O Rb8 15.Rfd1 Qc7 16.Rac1 b6 17.Qf4 Re8 18.Qd2
Bb7 19.f3 Ba8 20.e4 Qc8 21.Nd4 Qd7 22.Ne2 Nh7 23.Be3 Rec8 24.Nf4
Qd8 25.h4 b5 26.cxb5 Rxb5 27.b3 Rxc1 28.Rxc1 Rb8 29.Qd3 0-1

[Event "Moscow Open 2009 B"]
[Site "www.moscowchessopen.ru"]
[Date "2009.02.08"]
[Round "9.106"]
[White "Golynsky, Yuri"]
[Black "Smagin, Nikita"]
[Result "1-0"]
[WhiteElo "2164"]
[BlackElo "2034"]
[Annotator ""]
[Source ""]
[Remark ""]

1.e4 Nf6 2.Nc3 d5 3.e5 Ng8 4.d3 Bf5 5.g4 Bg6 6.Bg2 e6 7.Nge2
Nc6 8.f4 Qh4+ 9.Ng3 Nh6 10.g5 Ng4 11.Nce2 Bc5 12.d4 Nb4 13.dxc5
Nxc2+ 14.Kd2 Nge3 15.Qg1 Nxg2 16.Qxg2 Nxa1 17.Rf1 h6 18.f5 Qb4+
19.Kd1 exf5 20.gxh6 f4 21.Nxf4 Bc2+ 22.Ke2 Qc4+ 23.Ke1 Be4 24.Nxe4
Qxc1+ 25.Ke2 Qc4+ 26.Kf2 Qxe4 27.Qxe4 dxe4 28.hxg7 Rg8 29.Rg1
O-O-O 30.Ke3 Nc2+ 31.Kxe4 Nd4 32.h4 Nc6 33.h5 Ne7 34.h6 Rh8 35.gxh8Q
Rxh8 36.Rg7 Rxh6 37.Rxf7 Kd8 1-0

[Event "Moscow Open 2009 B"]
[Site "www.moscowchessopen.ru"]
[Date "2009.02.08"]
[Round "9.107"]
[White "Gumirov, Konstantin L"]
[Black "Paravyan, David"]
[Result "1-0"]
[WhiteElo "2163"]
[BlackElo "2021"]
[Annotator ""]
[Source ""]
[Remark ""]

1.e4 c6 2.d4 d5 3.e5 Bf5 4.Ne2 e6 5.Nf4 c5 6.g4 Be4 7.Bb5+ Nc6
8.f3 Qa5+ 9.c3 Bxb1 10.Bxc6+ bxc6 11.Rxb1 Qxa2 12.Be3 c4 13.O-O
Qb3 14.Qe2 g6 15.Ng2 Bh6 16.f4 Ne7 17.f5 Bxe3+ 18.Nxe3 gxf5 19.gxf5
Nxf5 20.Nxf5 exf5 21.Rxf5 Rg8+ 22.Kh1 Rg6 23.Rbf1 O-O-O 24.Rxf7 1-0

[Event "Moscow Open 2009 B"]
[Site "www.moscowchessopen.ru"]
[Date "2009.02.08"]
[Round "9.108"]
[White "Bukhteeva, Viktoria"]
[Black "Potlov, Semen"]
[Result "1-0"]
[WhiteElo "2154"]
[BlackElo "2020"]
[Annotator ""]
[Source ""]
[Remark ""]

1.e4 e6 2.d4 d5 3.Nd2 dxe4 4.Nxe4 Nd7 5.Nf3 Ngf6 6.Bd3 Nxe4 7.Bxe4
Nf6 8.Bd3 b6 9.O-O Bb7 10.c3 Bd6 11.Bg5 c6 12.Ne5 Qc7 13.Qe2
h6 14.Bh4 O-O-O 15.Ba6 g5 16.Bg3 Nd5 17.Bxb7+ Kxb7 18.Nc4 Bf4
19.a4 a6 20.a5 b5 21.Ne5 f6 22.Nd3 Rde8 23.c4 bxc4 24.Nc5+ Ka7
25.Qxc4 Qc8 26.Ra3 Rh7 27.Rb3 e5 28.Bxf4 gxf4 29.dxe5 fxe5 30.Ne4
Qd7 31.Rc1 Rc8 32.Nc5 1-0

[Event "Moscow Open 2009 B"]
[Site "www.moscowchessopen.ru"]
[Date "2009.02.08"]
[Round "9.109"]
[White "Shitov, Yaroslav"]
[Black "Martov, Vadim"]
[Result "1/2-1/2"]
[WhiteElo "2137"]
[BlackElo "2002"]
[Annotator ""]
[Source ""]
[Remark ""]

1.e4 c6 2.d4 d5 3.exd5 cxd5 4.c4 Nf6 5.Nc3 e6 6.Nf3 Be7 7.Bg5
O-O 8.Bd3 Re8 9.O-O Nc6 10.a3 b6 11.Re1 dxc4 12.Bxc4 Bb7 13.Qd2
Na5 14.Ba2 Nd5 15.Bxe7 Rxe7 16.Ne5 Rc8 17.Rac1 Rec7 18.Bxd5 Bxd5
19.Qf4 f6 20.Ng4 Bb3 21.h4 a6 22.h5 h6 23.Re3 Rc4 24.Rf3 Rxd4
25.Nxf6+ Kh8 26.Nfe4 Nc6 27.Re1 Bd5 28.Qf7 Qf8 1/2-1/2

[Event "Moscow Open 2009 B"]
[Site "www.moscowchessopen.ru"]
[Date "2009.02.08"]
[Round "9.110"]
[White "Semenov, Viktor"]
[Black "Rakhmatulaev, Konstantin"]
[Result "1/2-1/2"]
[WhiteElo "2126"]
[BlackElo "2002"]
[Annotator ""]
[Source ""]
[Remark ""]

1.e4 c5 2.Nf3 Nc6 3.g3 g6 4.Bg2 Bg7 5.O-O d6 6.c3 Qb6 7.d3 Bg4
8.Nbd2 h5 9.h3 Bd7 10.Nc4 Qc7 11.Ne3 Nh6 12.Nd5 Qc8 13.Kh2 1/2-1/2

[Event "Moscow Open 2009 B"]
[Site "www.moscowchessopen.ru"]
[Date "2009.02.08"]
[Round "9.111"]
[White "Muhtarov, Leonid"]
[Black "Pokhlebin, Sergej"]
[Result "0-1"]
[WhiteElo "2124"]
[BlackElo "1999"]
[Annotator ""]
[Source ""]
[Remark ""]

1.Nf3 Nf6 2.g3 b6 3.Bg2 Bb7 4.O-O c5 5.c4 e6 6.Nc3 Be7 7.Re1
d6 8.e4 a6 9.d4 cxd4 10.Nxd4 Qc7 11.Be3 Nbd7 12.f4 Rc8 13.Rc1
O-O 14.g4 h6 15.g5 hxg5 16.fxg5 Nh7 17.g6 Nhf6 18.gxf7+ Kxf7
19.Bh3 Rh8 20.Bxe6+ Ke8 21.Nd5 Qd8 22.Nf5 Bxd5 23.exd5 Ne5 24.Nxg7+
Kf8 25.Bxc8 Qxc8 26.Ne6+ Kf7 27.Kh1 Qg8 28.Bf4 Neg4 29.Qc2 0-1

[Event "Moscow Open 2009 B"]
[Site "www.moscowchessopen.ru"]
[Date "2009.02.08"]
[Round "9.112"]
[White "Antonov, Alexandr"]
[Black "Popov, Andrey"]
[Result "1/2-1/2"]
[WhiteElo "2121"]
[BlackElo "1988"]
[Annotator ""]
[Source ""]
[Remark ""]

1.e4 e5 2.Nf3 Nc6 3.Bc4 Bc5 4.c3 Nf6 5.d3 O-O 6.O-O d6 7.b4 Bb6
8.a4 a6 9.a5 Ba7 10.Nbd2 Ne7 11.Qb3 Ng6 12.Ra2 c6 13.Qc2 Qe7
14.Bb3 Be6 15.Bxe6 Qxe6 16.Qb3 Nf4 17.Qxe6 fxe6 18.Nc4 Rad8 19.Rd1
h6 20.Be3 1/2-1/2

[Event "Moscow Open 2009 B"]
[Site "www.moscowchessopen.ru"]
[Date "2009.02.08"]
[Round "9.113"]
[White "Tangatarov, Timur"]
[Black "Medvedev, Nikolai"]
[Result "1-0"]
[WhiteElo "2121"]
[BlackElo "1963"]
[Annotator ""]
[Source ""]
[Remark ""]

1.e4 c5 2.Nf3 d6 3.d4 cxd4 4.Nxd4 Nf6 5.Nc3 a6 6.Bg5 e6 7.f4
Be7 8.Qf3 Qc7 9.O-O-O Nbd7 10.g4 b5 11.Bxf6 gxf6 12.f5 e5 13.Nd5
Qb7 14.Nb3 a5 15.Bxb5 a4 16.Nd2 Bd8 17.Nc4 Qb8 18.Qa3 O-O 19.Nxd6
Nb6 20.h4 Nxd5 21.Rxd5 Be7 22.g5 Bb7 23.gxf6 Bxf6 24.Nxb7 Qxb7
25.Qd6 Bg7 26.Bc6 Qb6 27.Bxa8 Qe3+ 1-0

[Event "Moscow Open 2009 B"]
[Site "www.moscowchessopen.ru"]
[Date "2009.02.08"]
[Round "9.114"]
[White "Adamson, Garry"]
[Black "Lobanov, Igor"]
[Result "0-1"]
[WhiteElo "2115"]
[BlackElo "1948"]
[Annotator ""]
[Source ""]
[Remark ""]

1.d4 d5 2.c4 e6 3.Nc3 Nf6 4.Nf3 Be7 5.Bg5 Nbd7 6.Qc2 c6 7.e3
O-O 8.Bd3 dxc4 9.Bxc4 b5 10.Bd3 h6 11.Bh4 a6 12.a3 c5 13.O-O
c4 14.Be2 Bb7 15.e4 Re8 16.e5 Nd5 17.Bxe7 Nxe7 18.Rad1 Nb6 19.Ne4
Nf5 20.g4 Nh4 21.Nxh4 Qxh4 22.Nd6 Re7 23.Nxb7 Rxb7 24.Bf3 Nd5
25.Bxd5 exd5 26.Qf5 Rb6 27.Rfe1 Rg6 28.f3 Re8 29.Kg2 Qg5 30.Qxg5
hxg5 31.Re2 Rge6 32.Kg3 f6 33.f4 gxf4+ 34.Kxf4 Kf7 35.Rde1 a5
36.h4 fxe5+ 37.dxe5 d4 0-1

[Event "Moscow Open 2009 B"]
[Site "www.moscowchessopen.ru"]
[Date "2009.02.08"]
[Round "9.115"]
[White "Pylaev, Evgenij"]
[Black "Zhukovsky, Viacheslav"]
[Result "0-1"]
[WhiteElo "2032"]
[BlackElo "2115"]
[Annotator ""]
[Source ""]
[Remark ""]

1.e4 e6 2.b3 d5 3.exd5 exd5 4.Bb2 Nf6 5.Nf3 Be7 6.Be2 Bf5 7.O-O
Nbd7 8.d3 c5 9.d4 b6 10.Nc3 O-O 11.Re1 Be6 12.Bd3 h6 13.Ne2 c4
14.bxc4 dxc4 0-1

[Event "Moscow Open 2009 B"]
[Site "www.moscowchessopen.ru"]
[Date "2009.02.08"]
[Round "9.116"]
[White "Rasstriguine, Andrei"]
[Black "Khatnikov, Alexander"]
[Result "1-0"]
[WhiteElo "2111"]
[BlackElo "1958"]
[Annotator ""]
[Source ""]
[Remark ""]

1.Nf3 Nf6 2.c4 g6 3.Nc3 Bg7 4.e4 d6 5.d4 O-O 6.Be2 e5 7.O-O exd4
8.Nxd4 Re8 9.f3 Nbd7 10.Bg5 Nf8 11.Qd2 Ne6 12.Nxe6 Bxe6 13.Rad1
Qd7 14.Nd5 Bxd5 15.cxd5 a5 16.Rc1 c5 17.dxc6 bxc6 18.Rfd1 d5
19.Qc2 Rac8 20.Kh1 Qb7 21.exd5 Nxd5 22.b3 h6 23.Bh4 Ne3 24.Qd2
Nxd1 25.Rxd1 g5 26.Bf2 Qe7 27.Bd3 Qe5 1-0

[Event "Moscow Open 2009 B"]
[Site "www.moscowchessopen.ru"]
[Date "2009.02.08"]
[Round "9.117"]
[White "Artjushin, Viktor"]
[Black "Voronkov, Leonid"]
[Result "0-1"]
[WhiteElo "2010"]
[BlackElo "2109"]
[Annotator ""]
[Source ""]
[Remark ""]

1.e4 e6 2.d4 d5 3.e5 c5 4.c3 Nc6 5.Nf3 Qb6 6.Be2 Nge7 7.Na3 cxd4
8.cxd4 Nf5 9.Nc2 Bb4+ 10.Kf1 Be7 11.b3 O-O 12.g4 Nh4 13.Nxh4
Bxh4 14.Be3 f6 15.Kg2 fxe5 16.dxe5 d4 17.Nxd4 Rd8 18.Nxc6 Qxc6+
19.Bf3 Rxd1 20.Raxd1 Qe8 21.g5 h6 22.gxh6 gxh6 23.Rhg1 Bd7 24.Kh3+
Bg5 25.Bxg5 hxg5 26.Rxg5+ Kf8 27.Bh5 Ke7 28.Rdg1 0-1

[Event "Moscow Open 2009 B"]
[Site "www.moscowchessopen.ru"]
[Date "2009.02.08"]
[Round "9.120"]
[White "Ibragimov, Ali"]
[Black "Rossinskaya, Ljudmilla"]
[Result "1-0"]
[WhiteElo "2089"]
[BlackElo "1938"]
[Annotator ""]
[Source ""]
[Remark ""]

1.d4 d5 2.Nf3 Nf6 3.c3 Bg4 4.Ne5 Bf5 5.Qb3 Qc8 6.f3 e6 7.g4 Bg6
8.h4 Bxb1 9.Rxb1 Bd6 10.h5 Bxe5 11.dxe5 Nfd7 12.h6 g6 13.Bg5
c5 14.e3 Nc6 15.f4 Qc7 16.Rd1 O-O 17.Bg2 c4 18.Qc2 Qb6 19.Qe2
Nc5 20.O-O Nd3 21.Rd2 Qa6 22.a3 b5 23.Bf6 Qb6 24.Qf3 a5 25.Qg3
Rfe8 26.Re2 1-0

[Event "Moscow Open 2009 B"]
[Site "www.moscowchessopen.ru"]
[Date "2009.02.08"]
[Round "9.121"]
[White "Chapygin, Sergey"]
[Black "Kuleshov, Viktor"]
[Result "1-0"]
[WhiteElo "2085"]
[BlackElo "1891"]
[Annotator ""]
[Source ""]
[Remark ""]

1.d4 Nf6 2.c4 e6 3.Nf3 b6 4.Nc3 Bb7 5.e3 Bb4 6.Bd3 Bxc3+ 7.bxc3
Ne4 8.Qc2 f5 9.Ba3 d6 10.O-O-O Nd7 11.Rhg1 Ndf6 12.h3 h5 13.Ne1
Qd7 14.f3 Ng3 15.h4 Rh6 16.Qf2 Rg6 17.Bc2 1-0

[Event "Moscow Open 2009 B"]
[Site "www.moscowchessopen.ru"]
[Date "2009.02.08"]
[Round "9.122"]
[White "Gevondian, Arman"]
[Black "Kanjaryan, Vladimir"]
[Result "0-1"]
[WhiteElo "2081"]
[BlackElo "1877"]
[Annotator ""]
[Source ""]
[Remark ""]

1.d4 d5 2.c4 e6 3.Nc3 c6 4.cxd5 exd5 5.Qc2 g6 6.Bf4 Bd6 7.Bxd6
Qxd6 8.e3 Bf5 9.Qb3 Qc7 10.Rc1 Qb6 11.Qxb6 axb6 12.Nge2 Nf6 13.Ng3
Be6 14.Bd3 Nbd7 15.a3 O-O 16.O-O Ne8 17.h3 f5 18.Nge2 Nd6 19.Kh2
h6 20.Ng1 b5 21.f4 Nc4 22.Bxc4 bxc4 23.Nf3 Kf7 24.Ne5+ Nxe5 25.fxe5
Ke7 26.Ne2 g5 27.Ng3 Ra6 28.Rc2 Rb6 29.Rff2 Bd7 30.Nh5 Be8 31.Nf6
Bg6 32.Rc3 Ke6 33.g3 Ra8 34.Kg1 Ra5 0-1

[Event "Moscow Open 2009 B"]
[Site "www.moscowchessopen.ru"]
[Date "2009.02.08"]
[Round "9.124"]
[White "Zaryvkina, Anastasia"]
[Black "Khajkin, Boris"]
[Result "0-1"]
[WhiteElo "2081"]
[BlackElo "1400"]
[Annotator ""]
[Source ""]
[Remark ""]

1.e4 c6 2.d4 d5 3.e5 Bf5 4.c4 e6 5.Nc3 Nd7 6.a3 dxc4 7.Bxc4 Nb6
8.Bb3 Ne7 9.Nge2 Ned5 10.O-O Be7 11.Ng3 Bg6 12.Nce4 h5 13.Bc2
h4 14.Ne2 Bh5 15.Qd3 g5 16.f3 Bg6 17.b3 Qd7 18.Qd2 Rg8 19.Bd3
O-O-O 20.Bb2 Kb8 21.Rac1 0-1

[Event "Moscow Open 2009 B"]
[Site "www.moscowchessopen.ru"]
[Date "2009.02.08"]
[Round "9.125"]
[White "Beliaev, Boris"]
[Black "Nurullin, Ildar"]
[Result "0-1"]
[WhiteElo "2080"]
[BlackElo "1400"]
[Annotator ""]
[Source ""]
[Remark ""]

1.e4 c6 2.Nc3 d5 3.Qf3 d4 4.Bc4 Nf6 5.Nb1 Nbd7 6.Bb3 e6 7.d3
Bd6 8.c3 c5 9.Ne2 dxc3 10.Nbxc3 O-O 11.Bc2 Ne5 12.Qh3 Ng6 13.f4
Be7 14.g3 Re8 15.Qg2 Rb8 16.b3 b6 17.Nd1 Bb7 18.Nf2 Bf8 19.g4
Ne7 20.Bb2 Nc6 21.a3 Nd4 22.Nxd4 cxd4 23.h4 Re7 24.h5 Qc7 25.Bd1
Qxf4 26.Bxd4 Ne8 27.g5 Rd7 28.Bb2 Bc5 29.Rh3 Ba6 30.Rf3 Qd6 31.Be2
Bd4 32.Bxd4 Qxd4 33.Rd1 Rc8 34.g6 h6 35.gxf7+ Rxf7 36.Rxf7 Kxf7
37.Qg6+ Ke7 38.Bg4 Rc6 39.Ke2 Rc2+ 40.Rd2 Rxd2+ 41.Kxd2 Qxf2+
42.Kc1 Qf6 0-1

[Event "Moscow Open 2009 B"]
[Site "www.moscowchessopen.ru"]
[Date "2009.02.08"]
[Round "9.126"]
[White "Dubov, Alexandr"]
[Black "Skoriak, Ivan"]
[Result "1-0"]
[WhiteElo "1903"]
[BlackElo "2080"]
[Annotator ""]
[Source ""]
[Remark ""]

1.e4 e5 2.Nf3 Nc6 3.Bc4 Bc5 4.c3 Nf6 5.d3 h6 6.O-O O-O 7.Nbd2
d6 8.h3 a6 9.Bb3 b5 10.Re1 Rb8 11.Nf1 b4 12.Ng3 Na5 13.Bc2 bxc3
14.bxc3 Nc6 15.d4 Bb6 16.Be3 Bd7 17.Qd3 a5 18.a3 Qc8 19.Nh4 Ne7
20.Qe2 g5 21.Qf3 Nh7 22.Nhf5 Nxf5 23.exf5 f6 24.Qh5 Be8 25.Qxh6
Bf7 26.dxe5 dxe5 27.Ne4 Qxf5 1-0